000 00281nam a2200133Ia 4500
008 260604s9999 xx 000 0 und d
020 _a9780141371412
082 _a813 DAH
100 _aROALD DAHL
_935369
245 0 _aGoing Solo
260 _bPRH
500 _aSolo
942 _cBK
999 _c8162
_d8162